Ligue 1, clubs de la saison 2025-2026. - Statistiques

Statistiques générales
  • Ce quiz a été pris 377 fois
    108 depuis la dernière actualisation
  • Le résultat moyen est 16 sur 18
Statistiques - réponses
Classement saison 2025 Club % Correct
1er Paris_Saint-Germain_Logo.svg Paris SG
100%
2e langfr-250px-Logo_Olympique_Marseille_-_2026.svg.png Olympique de Marseille
99%
6e langfr-250px-Logo_Olympique_Lyonnais_-_2022.svg.png Olympique lyonnais
97%
8e Logo_RC_Lens_2014.svg RC Lens
95%
12e 4894.png Stade rennais
94%
3e Logo_AS_Monaco_FC_-_2021.svg AS Monaco
93%
5e Logo_LOSC_Lille_2018.svg Lille OSC
93%
7e Racing_Club_de_Strasbourg_Alsace_%28RC_Strasbourg_-_RCS_-_RCSA%29_logo_officiel.svg RC Strasbourg
93%
3e (Ligue 2) 4728.png FC Metz
92%
13e FC_Nantes_2019_logo.svg FC Nantes
91%
4e Logo_OGC_Nice_2013.svg OGC Nice
90%
9e 102250.png Stade brestois 29
88%
10e Toulouse_FC_logo_2021.svg Toulouse FC
86%
15e Logo_Havre_AC_2012.svg Le Havre AC
84%
2e (Ligue 2) langfr-250px-Logo_Paris_FC_2024.svg.png Paris FC
81%
1er (Ligue 2) 103432.png FC Lorient
80%
14e langfr-250px-Logo_Angers_SCO_2021.svg.png Angers SCO
80%
11e 120px-Logo_AJ_Auxerre_-_1997.svg.png AJ Auxerre
78%
Aucun quiz correspondant
Distribution des résultats
% des personnes avec chaque résultat
Percentile par nombre de réponses
Votre historique - résultats
Vous n’avez pas pris ce quiz depuis la dernière actualisation